|
|
|
|
| LEADER |
00000cam a2200000 7i4500 |
| 001 |
0000002082 |
| 005 |
20021007.0 |
| 020 |
0 |
0 |
|a 9832181070
|
| 090 |
0 |
0 |
|a FRIM582.16095951
|b NG 2001
|
| 100 |
1 |
0 |
|a NG
|h Tian Peng
|
| 245 |
1 |
0 |
|a Common trees in peat swamp forests of Peninsular Malaysia
|c by Ng Tian Peng, Shamsudin Ibrahim
|
| 260 |
0 |
0 |
|a Kuala Lumpur :
|b Institut Penyelidikan Perhutanan Malaysia ,
|c 2001
|
| 300 |
|
|
|a 97 p. :
|b col. ill. ;
|c 25 cm.
|
| 440 |
0 |
0 |
|a Research pamphlet; n. 124
|
| 500 |
0 |
0 |
|a Includes bibliography : p. 95 and index
|
| 650 |
0 |
0 |
|a Forests and forestry
|z Peninsular Malaysia
|
| 650 |
0 |
0 |
|a Swamp plants
|z Peninsular Malaysia
|
| 650 |
0 |
0 |
|a Trees
|z Peninsular Malaysia
|
| 700 |
0 |
1 |
|a Shamsudin Ibrahim
|
| 998 |
|
|
|a JPSM
|
| 999 |
|
|
|a 0000003339
|b Monograph
|c Open Shelf
|e Default branch
|
| 999 |
|
|
|a 0000003476
|b Monograph
|c Open Shelf
|e Default branch
|
| 999 |
|
|
|a 0000003797
|b Monograph
|c Open Shelf
|e Default branch
|